Colección de semillas de col repollo del Centro de Conservación y Mejora de la Agrodiversidad Valenciana /

Guardado en:
Autor Principal: Nuez, F.
Formato: Libro
Idioma:Spanish
Publicado: Madrid : INIA, 2002.
Series:Monografías INIA: Agrícola ; nº 12,
Etiquetas: Agregar Etiqueta
Sin Etiquetas, Sea el primero en etiquetar este registro!
LEADER 00576nam a22001575a 4500
001 EEA.libagro007203
005 20180604132556.0
008 130809s2002####sp#a##########000#0#spa#d
020 |a 8474984890 
082 0 4 |a 635.3421 
100 1 |a Nuez, F. 
245 1 0 |a Colección de semillas de col repollo del Centro de Conservación y Mejora de la Agrodiversidad Valenciana /  |c F. Nuez ... [et al.]. 
260 |a Madrid :  |b INIA,  |c 2002. 
300 |a 84 p. :  |b il. ;  |c 24 cm. 
490 1 |a Monografías INIA: Agrícola ;  |v nº 12,  |x 1575-6092 
859 |a AR-BbBCA  |b BIB. AGRONOMIA  |h 635.3421  |i N964  |p 2004/4574